| 000 | 00607nam a2200169 i 4500 | ||
|---|---|---|---|
| 001 | 154646 | ||
| 003 | ES-MaACL | ||
| 005 | 20230906205816.0 | ||
| 008 | 980917s1874 xxua |||| |deng d | ||
| 100 | 1 |
_aGoodrich, Aaron. _9127468 |
|
| 245 | 1 | 2 |
_aA history of the character and achievements of the so-called Christopher Columbus / _cby Aaron Goodrich. |
| 260 |
_aNew York : _bD. Appleton and Company, _c1874. |
||
| 300 |
_aVIII, 403 p. : _bil. ; _c23 cm. |
||
| 600 | 1 | 4 |
_aColón, Cristóbal. _939869 |
| 651 | 4 |
_aAmérica- _xDescubrimiento- _y1492. _9137038 |
|
| 852 |
_aES-MaACL _jG-13183 _z- Enc. ed. en tela |
||
| 999 |
_c154646 _d154646 |
||